000 00652nam a22001817a 4500
003 UA-OsUOA
001 17172
007 ta
008 20040214b un ||||| |||| 00| 0 ukr d
100 _aОніщук П.
942 _cSA
040 _aUA-OsUOA
_cUA-OsUOA
_dUA-OsUOA
245 _aВчасна сплата податків - обов'язок перед державою та суспільством: [Підсумки роботи Костопіл. МДПІ у 2003 р.]
300 _aС.1
955 _a0
773 0 _w0
_tВічеве слово
_dКостопіль
_d2004
_g№5/31 січ./
650 7 _aКраєзнавча робота
_2UDC
999 _c303340
_d303340